Andaman and Nicobar Islands: (Record no. 188091)

MARC details
000 -LEADER
fixed length control field 00649nam a22001817a 4500
005 - DATE AND TIME OF LATEST TRANSACTION
control field 20220510112414.0
010 ## - LCCN (DPL NO)
LC control number ENG-132574
020 ## - INTERNATIONAL STANDARD BOOK NUMBER
International Standard Book Number 9788193418857
Terms of availability 900.00
035 ## - SYSTEM CONTROL NUMBER
System control number EN-116106
037 ## - SOURCE OF ACQUISITION
Source of stock number/acquisition DBAD/PUB
082 ## - DEWEY DECIMAL CLASSIFICATION NUMBER
Classification number 954.880359
Item number 1
100 ## - MAIN ENTRY--PERSONAL NAME
Personal name Sareen, T R
245 ## - TITLE STATEMENT
Title Andaman and Nicobar Islands:
Remainder of title Under Japanese Occupation During WWII/
Statement of responsibility, etc T R Sareen
260 ## - PUBLICATION, DISTRIBUTION, ETC. (IMPRINT)
Place of publication, distribution, etc New Delhi
Name of publisher, distributor, etc Life Span Publishers and Distributors
Date of publication, distribution, etc 2018
270 ## - ADDRESS
Address 4782/23, Ansari Road, Daryaganj
City New Delhi
Postal code 110002
Electronic mail address lifespandelhi@gmail.com
Telephone number 9811597982, 9873410247
300 ## - PHYSICAL DESCRIPTION
Extent xii,270p
Dimensions 22cm(hbk)
Other physical details Index
942 ## - ADDED ENTRY ELEMENTS (KOHA)
Source of classification or shelving scheme Dewey Decimal Classification
Item type English Books
Classification part 954.880359
Call number suffix SAR
Holdings
Withdrawn status Lost status Not for loan Collection code Home library Current library Date acquired Source of acquisition Cost, normal purchase price Full call number Barcode Copy number Cost, replacement price Koha item type
      Non-fiction Patel Nagar Patel Nagar 10/05/2022 DBAD/PUB 900.00 954.880359 SAR EN-116106 1 900.00 English Books

© Delhi Public Library
Hit Counter
free hit counter